00920nam a2200289 a 450000100060000000300080000600500170001400800410003102000250007203500190009704000270011604100080014306000160015108200260016710000240019324501300021726000370034730000340038450400380041865000230045665000270047965000300050665000230053665000220055970000230058170000260060466324BD-RjUL20211209081526.0170315s1975 nyua b 001 0 eng  a0465066593 :c$15.00 a(BD-RjUL)66454 aDLCcDLCdBD-RjULbeng aeng aWS105 M214p00a155.422223bMAP 19751 aMahler, Margaret S.14aThe psychological birth of the human infant :bsymbiosis and individuation /cMargaret S. Mahler, Fred Pine and Anni Bergman. aNew York :bBasic Books,cc1975. axii, 308 p. :bill. ;c25 cm. aIncludes indexes and bibliography 0aInfant psychology. 0aSymbiosis (Psychology) 0aSeparation-individuation. 2aChild development. 2aChild psychology.1 aPine, Fred,d1931-1 aBergman, Anni,d1919-